000 00752nam a2200253 a 4500
001 000043738
003 DO-SdBNP
005 20240530073922.0
007 ta
008 140409s2013 dr 000 0 spa d
020 _a9789945489880
040 _aDO-SdBNP
_bspa
_cBNPHU
082 4 _aRD863.44
_bV719m
_222
100 1 _aVillar, Ynoemia
_931611
245 1 0 _aMaría de nadie /
_cYnoemia Villar.
260 _aSanto Domingo :
_bSantuario,
_c2013.
300 _a255 p. ;
_c24 cm.
500 _aIncluye referencias biográficas de la autora en la solapa de la cubierta
590 _aInventariado, 2021 BT
650 0 _aNovela dominicana
_9223
650 4 _aLiteratura dominicana
910 _aValidado. Control de calidad MFF
942 _2ddc
_cLBS1
999 _c43227
_d43227